[Event "US Open"]
[Site "Vancouver, WA"]
[Date "2012.08.06"]
[Round "3"]
[White "Davis, Frederick (WA)"]
[Black "Gelman, Jeffrey (NJ)"]
[Result "1/2-1/2"]
[WhiteElo "1632"]
[BlackElo "1900"]
[PlyCount "60"]

1.e4 e5 2.Nf3 Nc6 3.Bc4 Be7 4.O-O d6 5.c3 Nf6 6.Re1 O-O 7.h3
Na5 8.Bb3 Nxb3 9.Qxb3 c6 10.d4 ( 10.d4 Qc7 11.Nbd2 Be6 12.Qc2
Rad8 13.Nf1 Rfe8 14.Bg5 h6 15.Bh4 Nh5 16.Ng3 Nxg3 17.Bxg3 Bf6
18.Rad1 g6 19.a3 Bg7 20.Nh2 Qb6 21.Nf3 Bb3 22.Qe2 Bxd1 23.Rxd1
a6 {0-1, Guo-Yuthok Sherab (AUS) 1878 - Milligan Helen (SCO) 2045, Brisbane (Australia) 2006.01}
) Qc7 11.Nbd2 Be6 12.Qc2 Rad8 13.b3 Nd7 14.Ba3 f6 15.Nf1 Rf7
16.Ng3 Nf8 17.Nf5 Ng6 18.Nxe7+ Nxe7 19.Rad1 Ng6 20.Bc1 Rfd7 21.c4
Ne7 22.Qe2 Bf7 23.dxe5 dxe5 24.Rxd7 Qxd7 25.Be3 b6 26.Kf1 c5
27.Bd2 Nc6 28.Rd1 Nd4 29.Nxd4 Qxd4 30.Ke1 Bg6 1/2-1/2

[Event "US Open"]
[Site "Vancouver, WA"]
[Date "2012.08.06"]
[Round "3"]
[White "Davis, Joe (WA)"]
[Black "Cigan, Jason (OR)"]
[Result "0-1"]
[WhiteElo "1648"]
[BlackElo "1902"]
[PlyCount "42"]

{Third round of the US Open. I was paired against Jason Cigon who is a rising player, only a few years ago he was 1600.} 1.e4
c5 2.Nf3 d6 3.d4 cxd4 4.Nxd4 Nf6 5.Nc3 a6 6.Be3 e6 7.g4 h6 8.Bg2
Nc6 9.h3 g5 {This was a new move to me. Before I saw my move I considered playing Qe2 keeping the knight off of c4 after Ne5.}
10.Nxc6 ( 10.Qe2 Bd7 11.O-O-O Ne5 12.Nf3 Qa5 13.Kb1 Be7 14.Nxe5
dxe5 15.h4 Rg8 16.hxg5 hxg5 ) bxc6 11.e5 Nd5 12.Nxd5
( 12.Bd4 dxe5 13.Bxe5 f6 14.Nxd5 exd5 15.Bc3 Qe7+ 16.Kf1 Bg7
17.Qd2 ) cxd5 13.f4 {?  I missed the queen check on h4.} gxf4
14.Bxf4 Qh4+ 15.Ke2 Rb8 {I missed calculated here.} 16.Qd4 {??}
( 16.exd6 {Houdini 1.5a w32:} Qf6 17.Qd2 e5 18.Bh2 d4 19.Rhf1
Qxd6 20.b3 f6 21.c3 a5 22.Be4 Ba6+ 23.c4 a4 24.Bg6+ Kd7 25.Qa5
Bxc4+ 26.bxc4 Rb2+ 27.Kd1 Rxh2 28.Qxa4+ Kc7 29.Qa5+ Kd7 30.Qa4+
Kc7 {[%eval 0,18]} ) Bg7 17.Qa7 {??} ( 17.Qa4+ Bd7 18.Qxa6 )
( 17.b3 O-O 18.Qe3 Bb7 19.Rhg1 d4 20.Bg3 dxe3 21.Bxh4 Bxe5 22.Rac1
d5 23.Kxe3 d4+ 24.Ke2 Rfc8 25.Bxb7 Rxb7 26.Bg3 d3+ 27.Kd2 Bb2
28.c4 Bxc1+ 29.Rxc1 Rd7 { [%eval -33,18]} ) Rxb2 18.exd6 Rxc2+
19.Kd3 Rxg2 20.d7+ Bxd7 21.Qb8+ Qd8 {
I resigned. The lesson I guess here is tactics. I got into desperation mode too
early also. There were some defensive resources that would have made black's job much more difficult.}
 0-1

[Event "US Open"]
[Site "Vancouver, WA"]
[Date "2012.08.08"]
[Round "3"]
[White "Erichsen, Dan (CAN)"]
[Black "Haining, Kyle (WA)"]
[Result "1-0"]
[WhiteElo "2104"]
[BlackElo "1900"]
[PlyCount "97"]

1.e4 g6 2.d4 Bg7 3.Nc3 d6 4.Be3 Nf6 5.f3 O-O 6.Qd2 Nbd7 7.O-O-O
c6 8.g4 b5 9.h4 a5 10.h5 Qc7 11.Bh6 b4 12.Nce2 Bh8 13.hxg6 fxg6
14.Bxf8 Nxf8 15.Nf4 c5 16.g5 Ne8 17.dxc5 dxc5 18.Bc4+ e6 19.Nge2
Ba6 20.Bxa6 Rxa6 21.c3 Nd6 22.Qd3 c4 23.Qe3 Qc6 24.Rd2 Nb5 25.Rhd1
bxc3 26.Nxc3 Nxc3 27.bxc3 Qa4 28.e5 Qb5 29.Rb2 Qxe5 30.Qxe5 Bxe5
31.Ne2 Rc6 32.Rb7 Bc7 33.Kc2 e5 34.Ng3 Kf7 35.Ne4 Ke7 36.Nf6
h5 37.Nd5+ Kd8 38.Nxc7+ Kc8 39.Ra7 Rxc7 40.Ra8+ Kb7 41.Rxf8 Rh7
42.Rf6 Rg7 43.Re1 a4 44.Rxe5 h4 45.Re4 Rh7 46.Rxg6 h3 47.Rh6
Rg7 48.f4 h2 49.Rxh2 1-0

[Event "US Open"]
[Site "Vancouver, WA"]
[Date "2012.08.08"]
[Round "3"]
[White "Fields, Noah (WA)"]
[Black "Theil, Carey (MA)"]
[Result "1/2-1/2"]
[WhiteElo "1837"]
[BlackElo "2183"]
[PlyCount "57"]

1.e4 c5 2.Nf3 Nc6 3.d4 cxd4 4.Nxd4 g6 5.Nc3 Bg7 6.Be3 Nf6 7.f3
O-O 8.Qd2 d5 9.O-O-O dxe4 10.fxe4 Ng4 11.Kb1 Nxd4 ( 11...Qa5
12.Nb3 Qc7 13.Bf4 e5 14.Nd5 Qb8 15.Bg5 f6 16.Bh4 Kh8 17.h3 Nh6
18.Bxf6 b6 19.Qxh6 {1-0, Yanjindulam Dulamsuren (MGL) 2162 - Gilbert Jessie (ENG) 2075, Oropesa (Spain) 2001}
) 12.Bxd4 Ne5 13.Qf4 Qa5 14.Nd5 Nc6 15.Bxg7 Kxg7 16.h4 h5 17.Be2
Rh8 18.g4 Bxg4 19.Bxg4 hxg4 20.h5 f6 21.hxg6 Rxh1 22.Rxh1 Rh8
23.Rf1 Nb4 24.Nxb4 Qxb4 25.Qxg4 Rh6 26.Rg1 Qd4 27.a3 Rh4 28.Qg3
Qxe4 29.Qb3 1/2-1/2

[Event "US Open - Barber K-8"]
[Site "Vancouver, WA"]
[Date "2012.08.06"]
[Round "3"]
[White "Fishbein, Matthew  (ME)"]
[Black "Brattain, Mika  (MA)"]
[Result "0-1"]
[WhiteElo "2108"]
[BlackElo "2237"]
[PlyCount "72"]

1.d4 d5 2.c4 c6 3.Nf3 Nf6 4.Nc3 dxc4 5.a4 Bf5 6.e3 e6 7.Bxc4
Bb4 8.O-O O-O 9.Qe2 Nbd7 10.e4 Bg6 11.e5 Nd5 12.Bd2 Qa5 13.Rfc1
Rac8 14.Nh4 Ne7 15.Nxg6 hxg6 16.Be3 c5 17.Nb5 cxd4 18.Bxd4 a6
19.Nd6 Bxd6 20.exd6 Nf5 21.Bc3 Qc5 22.b3 Nxd6 23.Qd2 Nxc4 24.Qxd7
Ne5 25.Qxb7 Nd3 26.Rc2 Nxf2 27.Rxf2 Qxc3 28.Raf1 Rc7 29.Qxa6
Qxb3 30.Qb5 Qe3 31.Rb1 Rc2 32.Qb6 Rc1+ 33.Rxc1 Qxb6 34.Ra1 Ra8
35.Kf1 Rxa4 36.Rxa4 Qb5+ 0-1

[Event "US Open"]
[Site "Vancouver, WA"]
[Date "2012.08.06"]
[Round "3"]
[White "Gagnon, William (OR)"]
[Black "Antler, Arthur (NJ)"]
[Result "1/2-1/2"]
[WhiteElo "1600"]
[BlackElo "1898"]
[PlyCount "97"]

1.e4 c5 2.c3 d5 3.exd5 Qxd5 4.d4 Nf6 5.Nf3 Bg4 6.Be2 e6 7.O-O
Nc6 8.Be3 cxd4 9.Nxd4 Bxe2 10.Qxe2 a6 11.Nd2 Bc5 {%08DA} 12.Nxc6
Qxc6 13.Bxc5 Qxc5 14.Ne4 Nxe4 15.Qxe4 O-O 16.Rfd1 Qb5 17.Rd2
Rad8 18.Rad1 Rxd2 19.Rxd2 h6 20.h3 Rc8 21.b3 Qc6 22.Qxc6 Rxc6
23.c4 b5 24.cxb5 axb5 25.Kf1 Kf8 26.Ke2 Ke7 27.Ke3 g5 28.f3 f5
29.Kf2 b4 30.Kg3 Kf6 31.Rd4 Rc2 32.Rxb4 Rxa2 33.Rb5 h5 34.b4
Rb2 35.Kh2 h4 36.Kg1 Ke7 37.Rb6 Kd7 38.b5 Ke7 39.Kf1 Kf6 40.Rb8
Ke5 41.b6 Kf4 42.b7 Ke3 43.Kg1 Rb1+ 44.Kh2 Kf4 45.Re8 Rxb7 46.Rxe6
Rb3 47.Re2 Re3 48.Ra2 Rd3 49.Re2 1/2-1/2

[Event "US Open"]
[Site "Vancouver, WA"]
[Date "2012.08.06"]
[Round "3"]
[White "Gay, Daniel (OR)"]
[Black "Merwin, Steve (WA)"]
[Result "1/2-1/2"]
[WhiteElo "2212"]
[BlackElo "2028"]
[PlyCount "56"]

1.e4 e6 2.d4 d5 3.Nd2 dxe4 4.Nxe4 Bd7 5.Nf3 Bc6 6.Bd3 Nd7 7.O-O
Be7 8.Qe2 Ngf6 9.b3 Bxe4 10.Bxe4 Nxe4 11.Qxe4 c6 12.Bb2 Nf6 13.Qe2
O-O 14.c4 Qc7 15.Rfe1 {%08DA} Rfe8 16.Rad1 h6 17.Ne5 Rad8 18.Bc3
Bd6 19.Qf3 c5 20.dxc5 Bxc5 21.Ng4 Nxg4 22.Qxg4 Bf8 23.Bf6 Rxd1
24.Rxd1 Qa5 25.Ra1 h5 26.Qg5 e5 27.Qg3 Re6 28.Bg5 Bc5 1/2-1/2

[Event "US Open"]
[Site "Vancouver, WA"]
[Date "2012.08.08"]
[Round "3"]
[White "Goldberg, Mitchell (NY)"]
[Black "Zurybida, Paul (WA)"]
[Result "1-0"]
[WhiteElo "2200"]
[BlackElo "2001"]
[PlyCount "29"]

1.f4 d5 2.Nf3 c5 3.e3 Nf6 4.b3 a6 5.Bb2 Nc6 6.Be2 e6 7.O-O Be7
8.Ne5 Qc7 9.d3 b6 10.Nd2 Bb7 11.Ndf3 h6 ( 11...O-O 12.Qe1 Nd7
13.Qg3 f6 14.Nxd7 Qxd7 15.Qh3 Rad8 16.Nh4 d4 17.e4 Nb4 18.Bg4
Bc8 19.f5 e5 20.Ng6 Nxc2 21.Rae1 Nxe1 22.Rxe1 b5 23.Qh5 c4 24.bxc4
bxc4 25.Bd1 Bb4 26.Rf1 c3 27.Bb3+ Rf7 28.Bc1 hxg6 29.fxg6 Kf8
30.Bxf7 Ke7 31.Qh7 Kd6 32.Qxg7 Kc6 33.Qxf6+ Kb7 34.g7 Be7 35.Qg6
Ka7 36.g8Q Rxg8 37.Bxg8 Qd6 38.Qxd6 Bxd6 {1-0, Korff Kim (DEN) 2185 - Andersen Rune Egede (DEN) 2080, Denmark 1992}
) 12.Qe1 Nb4 13.Bd1 Bd6 14.Qg3 Rg8 15.a3 1-0

[Event "US Open"]
[Site "Vancouver, WA"]
[Date "2012.08.06"]
[Round "3"]
[White "Goshen, Mat (WA)"]
[Black "Prochaska, Peter (OR)"]
[Result "1/2-1/2"]
[WhiteElo "2013"]
[BlackElo "2200"]
[PlyCount "47"]

1.e4 c5 2.Nf3 d6 3.c3 g6 4.Be2 Bg7 5.O-O Nc6 6.d4 Nf6 7.Re1 Qc7
8.h3 O-O 9.Bf1 cxd4 10.cxd4 d5 {%08DA} 11.e5 Ne4 12.Qb3 Be6 13.Nc3
Qd7 14.Qd1 Nxc3 15.bxc3 Rac8 16.Ng5 Na5 17.Nxe6 Qxe6 18.Be2 Qc6
19.Ba3 Rc7 20.Rb1 Nc4 21.Bc5 b6 22.Bxc4 bxc5 23.Bb5 Qe6 24.Bd3 1/2-1/2

[Event "US Open"]
[Site "Vancouver, WA"]
[Date "2012.08.06"]
[Round "3"]
[White "Greninger, Harley (WA)"]
[Black "Pendergraft, Troy (OR)"]
[Result "1-0"]
[WhiteElo "2197"]
[BlackElo "1853"]
[PlyCount "97"]

1.d4 g6 2.e4 Bg7 3.Nf3 d6 4.Nc3 a6 5.Be3 b5 6.Qd2 Bb7 7.Bd3 Nd7
8.a4 b4 9.Ne2 c5 10.c3 a5 11.Ng3 Rc8 12.cxb4 cxb4 13.O-O Ngf6
14.e5 dxe5 15.dxe5 Nd5 16.e6 Nf8 {?} ( 16...fxe6 17.Ng5 ) 17.Bb5+
Bc6 18.exf7+ ( 18.Rfc1 {!} ) Kxf7 19.Ng5+ Kg8 20.Rac1 Nxe3 21.Qxe3
Bxb5 22.axb5 h6 23.Qb3+ e6 24.Nxe6 Nxe6 25.Qxe6+ Kh7 26.Rc6 Qe8
27.Qc4 Bxb2 28.Rc7+ Bg7 29.b6 Qd8 30.h4 Rxc7 31.bxc7 Qd7 32.h5
Rc8 33.hxg6+ Kh8 34.Re1 Rxc7 35.Qxc7 Qxc7 36.Re8+ Bf8 37.Rxf8+
Kg7 38.Rf7+ Qxf7 39.gxf7 b3 40.Ne4 a4 41.Nd2 Kxf7 42.f4 Kf6 43.Kf2
Kf5 44.Kf3 h5 45.g3 b2 46.Nb1 Kf6 47.Ke4 Ke6 48.f5+ Kf6 49.Kf4 1-0

[Event "US Open"]
[Site "Vancouver, WA"]
[Date "2012.08.06"]
[Round "3"]
[White "Guadalupe, Francisco (TX)"]
[Black "Gustafsson, Alexander (UT)"]
[Result "0-1"]
[WhiteElo "2305"]
[BlackElo "2060"]
[PlyCount "106"]

1.e4 c5 2.Nf3 Nc6 3.d4 cxd4 4.Nxd4 Nf6 5.Nc3 e5 6.Ndb5 d6 7.Bg5
a6 8.Na3 b5 9.Nd5 Be7 10.Bxf6 Bxf6 11.c4 b4 12.Nc2 O-O 13.Qd3
Bg5 14.Rd1 f5 15.Nde3 f4 16.Nd5 Rb8 17.Be2 Be6 18.O-O a5 19.b3
Qc8 20.Ra1 Bd8 21.a3 bxa3 22.Rxa3 g5 23.Rd1 g4 24.Qc3 f3 25.Bf1
fxg2 26.Bxg2 Bh4 27.Rf1 Rb7 28.Nde3 Rbf7 29.Nd1 Qd7 30.Qd2 Rf4
31.Qe3 h5 32.Qd2 Qe7 33.Ra2 Bg5 34.Nde3 Qd8 35.Qd1 Ne7 36.b4
axb4 37.Nxb4 Ng6 38.Ra6 Rxf2 39.Nf5 Rxf1+ 40.Bxf1 Bxf5 41.exf5
Be3+ 42.Kh1 Rxf5 43.Bg2 Kg7 44.Qd3 Qg5 45.Qxd6 Bd4 46.Qxg6+ Qxg6
47.Rxg6+ Kxg6 48.Be4 Kg5 49.Bxf5 Kxf5 50.Kg2 e4 51.Nc2 Bc5 52.h3
Kf4 53.Ne1 g3 0-1

[Event "US Open"]
[Site "Vancouver, WA"]
[Date "2012.08.09"]
[Round "3"]
[White "Harlin, Jeremy (WA)"]
[Black "Liu, Colin (OR)"]
[Result "0-1"]
[WhiteElo "1189"]
[BlackElo "1205"]
[PlyCount "76"]

1.d4 d5 2.c4 e6 3.Nc3 Nf6 4.Bg5 Be7 5.e3 h6 6.Bh4 O-O 7.Bd3 Nbd7
8.Nge2 b6 9.cxd5 exd5 10.O-O Bb7 11.f3 c5 12.dxc5 bxc5 13.Bc2
Rc8 14.Qd2 Re8 15.Rad1 Nb6 16.Nf4 {?} g5 17.Bxg5 hxg5 18.Nh3
Nh7 19.Qd3 Nf8 20.Nf2 Nc4 21.Rb1 Bf6 22.Ng4 Bg7 23.f4 gxf4 24.exf4
Qh4 25.h3 Bd4+ 26.Kh2 Ne3 27.Rf3 Nxg4+ 28.Kh1 Nf2+ 29.Rxf2 Bxf2
30.Rf1 Re3 31.Qf5 d4 32.Qxc8 Bxg2+ 33.Kxg2 Qg3+ 34.Kh1 Qf3+ 35.Kh2
Qxf4+ 36.Kg2 Rg3+ 37.Kh1 Qf3+ 38.Kh2 Qg2# 0-1

[Event "US Open"]
[Site "Vancouver, WA"]
[Date "2012.08.08"]
[Round "3"]
[White "He, Anthony (WA)"]
[Black "Alpernas, Grisha (OR)"]
[Result "1/2-1/2"]
[WhiteElo "1513"]
[BlackElo "1880"]
[PlyCount "78"]

1.e4 e5 2.Nf3 d6 3.d4 exd4 4.Nxd4 Nf6 5.Nc3 Be7 6.Be2 O-O 7.Be3
Nbd7 8.O-O Nc5 9.Bd3 Ng4 ( 9...Nxd3 10.Qxd3 Ng4 11.Bf4 Bg5 12.Bg3
Ne5 13.Qe2 Be7 14.Rad1 Qe8 15.Rfe1 a6 16.Nd5 Bd8 17.h3 c5 18.Nf3
f6 19.Nxe5 fxe5 20.f4 Qg6 21.Qd3 exf4 22.Nxf4 Qf6 23.Qd5+ Kh8
24.Qxd6 Qxd6 25.Rxd6 Bc7 26.Rd3 c4 27.Rf3 Bxf4 28.Rxf4 Rxf4 29.Bxf4
Be6 30.Bd6 Kg8 31.Rf1 Rd8 32.e5 Rd7 33.c3 Rf7 34.Rd1 g6 35.Rd2
Rd7 36.Kf2 Rf7+ 37.Ke2 Rd7 38.Ke3 h5 39.Kd4 b6 40.Rf2 Rf7 41.Re2
Rf4+ 42.Ke3 Rf7 43.a3 Kg7 44.Rd2 Kg8 45.Rd1 Kg7 46.Rd2 Kg8 47.Rf2
Rxf2 48.Kxf2 Kf7 49.Ke3 Bd5 50.g3 Be6 51.h4 Ke8 52.Bc7 b5 53.Kd4
Kd7 54.Bd6 Kc6 55.Ke4 Kd7 56.Bb4 Bg8 57.Kf4 Ke6 58.Kg5 Bf7 59.Kf4
Kd7 60.Kg5 Ke6 61.Bd6 Be8 62.Bb8 a5 63.g4 hxg4 64.Kxg4 a4 65.Kg5
Kf7 66.Kh6 Bd7 67.Kg5 Bc8 {1/2-1/2, Dulias Jadwiga - Jakubowska E, Poland 1978}
) 10.Bf4 Bf6 11.Nb3 Nxb3 12.axb3 Be5 13.Bxe5 dxe5 14.h3 Nf6 15.Qd2
Nh5 16.Ne2 Qh4 17.Qe3 a6 18.Qc5 Qf6 19.Qxc7 Nf4 20.Nxf4 exf4
21.Qc3 Qg5 22.Be2 Bd7 23.Qf3 Bc6 24.Rfe1 Rae8 25.Bd3 Re5 26.Qg4
Qf6 27.c3 Rg5 28.Qd1 f3 29.g3 Rxg3+ 30.fxg3 f2+ 31.Kh2 fxe1Q
32.Qxe1 Qf3 33.Rd1 Re8 34.Rd2 g6 35.Qe2 Bxe4 36.Bxe4 Qxe4 37.Qf2
Qc6 38.Re2 Rxe2 39.Qxe2 Qd5 1/2-1/2

[Event "US Open"]
[Site "Vancouver, WA"]
[Date "2012.08.06"]
[Round "3"]
[White "Hosford, Michael (WA)"]
[Black "Aird, Ian (UK)"]
[Result "1/2-1/2"]
[WhiteElo "1821"]
[BlackElo "2003"]
[PlyCount "60"]

1.e4 e5 2.Nf3 Nc6 3.d4 exd4 4.Bc4 Nf6 5.e5 Ng4 6.Qe2 Qe7 7.Bf4
d6 8.exd6 Qxe2+ 9.Bxe2 Bxd6 10.Bxd6 cxd6 11.Na3 a6 12.h3 {%08DA}
Nge5 13.O-O-O Nxf3 14.Bxf3 O-O 15.Nc4 Rd8 16.Nb6 Rb8 17.Nxc8
Rbxc8 18.Bxc6 bxc6 19.Rxd4 Kf8 20.Re1 Rb8 21.Red1 Ke7 22.Re1+
Kf8 23.Red1 Ke7 24.Ra4 Rb6 25.Re1+ Kf8 26.Rae4 Rb7 27.Ra4 Rb6
28.Rae4 Rb7 29.Ra4 Rb6 30.Rae4 Rb7 1/2-1/2

[Event "US Open"]
[Site "Vancouver, WA"]
[Date "2012.08.06"]
[Round "3"]
[White "Janniro, Mike (OR)"]
[Black "MacFarland, James (CA)"]
[Result "0-1"]
[WhiteElo "2017"]
[BlackElo "2215"]
[PlyCount "120"]

1.d4 e6 2.Nf3 Nf6 3.Bg5 Be7 4.e3 b6 5.Bd3 Bb7 6.Nbd2 d5 7.O-O
O-O 8.Rc1 Nbd7 9.Ne5 Nxe5 10.dxe5 Nd7 11.Bxe7 Qxe7 12.f4 f6 13.exf6
Qxf6 14.Qg4 Rae8 15.Nf3 g6 16.Ng5 Re7 17.c3 e5 18.h4 Qd6 19.f5
e4 20.Bc2 Ne5 21.Qh3 Bc8 22.Qg3 Nf3+ 23.Kf2 Nxg5 24.Qxd6 cxd6
25.hxg5 Rxf5+ 26.Kg1 Rxg5 27.Rf2 Rf5 28.Rd2 Ree5 29.Rcd1 Be6
30.Rd4 Kg7 31.Ra4 Rf7 32.Bb3 Rc7 33.Rad4 Rc5 34.Kf2 Rf5+ 35.Ke1
Rg5 36.R1d2 Kf6 37.Kf2 Rf5+ 38.Kg1 Kg5 39.Kh2 Kh6 40.Kg1 Kg7
41.Bd1 h5 42.Bb3 Kf8 43.Rd1 Ke7 44.Ra4 a5 45.Rad4 h4 46.R1d2
Kf6 47.Bd1 Ke5 48.Bb3 Rg5 49.Kh2 Rg3 50.Re2 Bd7 51.Re1 Bb5 52.a3
Bd3 53.Bd1 Rc7 54.Bb3 Bc4 55.Bc2 Rf7 56.b3 Rf2 57.bxc4 Rgxg2+
58.Kh1 Rh2+ 59.Kg1 Rfg2+ 60.Kf1 h3 0-1

[Event "US Open"]
[Site "Vancouver, WA"]
[Date "2012.08.08"]
[Round "3"]
[White "Jayne, Ryan (WI)"]
[Black "Lundy, George (ID)"]
[Result "1-0"]
[WhiteElo "1902"]
[BlackElo "1649"]
[PlyCount "81"]

1.d4 g6 2.c4 Bg7 3.Nc3 c5 4.d5 Bxc3+ 5.bxc3 Nf6 6.Qc2 O-O 7.e4
d6 8.Bd3 Nbd7 9.Nf3 Ng4 10.Be2 f6 11.O-O Qe8 12.Nh4 Nge5 13.Bh6
Nf7 14.Bxf8 Nxf8 15.f4 Kg7 16.Rae1 Bd7 17.Bd3 Qc8 18.h3 b6 19.Nf3
Rb8 20.e5 dxe5 21.fxe5 Bxh3 22.exf6+ exf6 23.gxh3 Qxh3 24.Qg2
Qd7 25.Re3 Rb7 26.Rfe1 Qd6 27.Qe2 Qg3+ 28.Kh1 Kg8 29.Qh2 Qg4
30.Qh4 Qxh4+ 31.Nxh4 Ne5 32.Rxe5 fxe5 33.Rxe5 Kf7 34.Kg2 Re7
35.Rxe7+ Kxe7 36.Kf3 Kf6 37.Ng2 Nd7 38.Be2 Ne5+ 39.Ke4 g5 40.Ne3
Nf7 41.Nf5 1-0

[Event "US Open"]
[Site "Vancouver, WA"]
[Date "2012.08.08"]
[Round "3"]
[White "Jewell, Nathan (OR)"]
[Black "Wang, James (WA)"]
[Result "1-0"]
[WhiteElo "1291"]
[BlackElo "1669"]
[PlyCount "38"]

1.e4 e5 2.Nf3 Nc6 3.Bc4 Bc5 4.c3 Nf6 5.d4 exd4 6.cxd4 Bb4+ 7.Bd2
Bxd2+ 8.Nbxd2 d6 9.O-O O-O 10.Re1 Bg4 11.Qc2 d5 12.exd5 Nxd5
13.Ne5 {%08DA} Nxd4 14.Qe4 Nf6 15.Qd3 Bf5 16.Nxf7 Bxd3 17.Nxd8+
Bxc4 18.Nxb7 Bd5 19.Nc5 Nc2 1-0

[Event "US Open"]
[Site "Vancouver, WA"]
[Date "2012.08.08"]
[Round "3"]
[White "Jones, Davey (WA)"]
[Black "Ornes, John (OR)"]
[Result "0-1"]
[WhiteElo "1567"]
[BlackElo "1117"]
[PlyCount "66"]

1.e4 e5 2.Nf3 Nc6 3.Bb5 a6 4.Ba4 Nf6 5.O-O Bc5 6.d3 d6 7.h3 O-O
8.Bg5 h6 9.Bh4 b5 10.Bb3 Be6 11.c3 Bxb3 {%08DA} 12.axb3 Re8 13.d4
exd4 14.cxd4 Bb6 15.Nc3 g5 16.Bg3 Nxe4 17.Bh2 d5 18.Ne2 Qf6 19.Ne5
Nxe5 20.Bxe5 Rxe5 21.dxe5 Bxf2+ 22.Kh1 Qxe5 23.Qd3 g4 24.hxg4
h5 25.Qf3 Qxb2 26.Rac1 Qxe2 27.Rxf2 Nxf2+ 28.Kg1 Qxf3 29.gxf3
Nh3+ 30.Kg2 Nf4+ 31.Kf1 hxg4 32.fxg4 Rc8 33.Rc6 d4 0-1

[Event "US Open"]
[Site "Vancouver, WA"]
[Date "2012.08.08"]
[Round "3"]
[White "Koontz, Carl (OR)"]
[Black "Shaw, Tenzing (IL)"]
[Result "0-1"]
[WhiteElo "2035"]
[BlackElo "2270"]
[PlyCount "58"]

1.Nf3 Nf6 2.c4 e6 3.g3 d5 4.Bg2 Be7 5.O-O O-O 6.d3 c5 7.e3 Nc6
8.Nc3 d4 9.Ne2 e5 10.exd4 cxd4 11.a3 a5 ( 11...Bg4 12.Bd2 Qd7
13.Ng5 h6 14.Ne4 Nxe4 15.Bxe4 Bh3 16.Bg2 h5 17.Bxh3 Qxh3 18.Nc1
h4 19.Qh5 Rad8 20.Bg5 Bxg5 21.Qxg5 hxg3 22.fxg3 Rd6 23.Rf2 Rh6
24.Nb3 f6 25.Qd2 Ne7 26.Nc5 Nf5 27.Rg2 Ne3 28.Ne4 Rc8 29.b3 b5
30.Nd6 Rb8 31.Ra2 bxc4 32.Nxc4 Rxb3 33.Nxe3 dxe3 34.Qc2 Rb8 35.Qc4+
Kh8 36.Rac2 Rb1+ 37.Rc1 Rxc1+ 38.Qxc1 Qg4 39.Qxe3 {1/2-1/2, Rittner S - Parison Gunnar, Hassloch (Germany) 1998}
) 12.Ne1 a4 13.b4 axb3 14.Qxb3 Nd7 15.Bd2 Nc5 16.Qb1 f5 17.f4
e4 18.dxe4 d3 19.Nc3 Qd4+ 20.Kh1 fxe4 21.Nd5 Bd8 22.Ne3 Ba5 23.Bxa5
Rxa5 24.Nd1 Qxc4 25.Rf2 Qd4 26.Qb2 Rd8 27.Nc3 Na4 28.Nxa4 Rxa4
29.Qxd4 Raxd4 0-1

[Event "US Open"]
[Site "Vancouver, WA"]
[Date "2012.08.09"]
[Round "3"]
[White "Landes, Eric (OR)"]
[Black "Simonson, Jay (ID)"]
[Result "0-1"]
[WhiteElo "1249"]
[BlackElo "644"]
[PlyCount "70"]

1.d4 d5 2.Nc3 Nf6 3.Bg5 Nc6 4.f3 e5 {%08DA} 5.dxe5 Nxe5 6.Bxf6
gxf6 7.Nxd5 Bf5 8.e4 Bg6 9.Nh3 Qd6 10.Nhf4 O-O-O 11.Qe2 Bh6 12.g3
f5 13.Bh3 Kb8 14.exf5 Bxf4 15.Nxf4 Rhe8 16.O-O Qb6+ 17.Kg2 Ng4
18.Qxe8 Rxe8 19.Bxg4 Qxb2 20.fxg6 hxg6 21.Rfc1 f5 22.Bh3 Qe5
23.Nxg6 Qe2+ 24.Kg1 Qxf3 25.Rf1 Qe3+ 26.Kg2 Qe4+ 27.Kg1 Qe3+
28.Kh1 Qe4+ 29.Bg2 Qxc2 30.Rae1 Rxe1 31.Rxe1 a6 32.a3 Qc3 {=}
33.Re8+ {?} Ka7 34.Rf8 {??} ( 34.Kg1 Qxa3 $15 ) Qe1+ 35.Bf1 Qxf1# 0-1

[Event "US Open"]
[Site "Vancouver, WA"]
[Date "2012.08.06"]
[Round "3"]
[White "Langer, Michael (TX)"]
[Black "Hall, Bill (TN)"]
[Result "1/2-1/2"]
[WhiteElo "2264"]
[BlackElo "2043"]
[PlyCount "93"]

1.e4 d5 2.exd5 Nf6 3.c4 c6 4.d4 cxd5 5.Nc3 g6 6.Qb3 Bg7 7.cxd5
O-O 8.Be2 Nbd7 9.Bf3 Nb6 10.Nge2 Bf5 11.a4 Bd3 12.a5 Bc4 13.Qb4
Bxe2 14.Nxe2 Nbxd5 15.Qxb7 Qd6 16.Qb3 Rab8 17.Qa3 Nb4 18.O-O
Nfd5 19.Bd2 Qa6 20.Rfc1 e6 21.b3 Rfd8 22.Rc4 Bf8 23.Qa4 Rb5 24.Nf4
Nxf4 25.Bxf4 Nd3 26.Rc6 Qxc6 27.Bxc6 Rb4 28.Qa2 Nxf4 29.g3 Nd3
30.d5 exd5 31.Rd1 Rd4 32.Qe2 Nb4 33.Rxd4 Nxc6 34.Rd1 d4 35.Qb5
Nb4 36.Rd2 a6 37.Qb6 Rd5 38.Rxd4 Rb5 39.Qd8 Nc6 40.Qd7 Nxd4 41.Qxd4
Rxa5 42.g4 Rb5 43.Qd3 Rb4 44.f3 a5 45.Qc2 Rd4 46.Kf2 Bb4 47.Ke3 1/2-1/2

[Event "US Open"]
[Site "Vancouver, WA"]
[Date "2012.08.06"]
[Round "3"]
[White "Likens, Terry (SD)"]
[Black "Heywood, Bill (OR)"]
[Result "0-1"]
[WhiteElo "1804"]
[BlackElo "2000"]
[PlyCount "54"]

1.d4 Nf6 2.Nc3 d5 3.e4 e6 4.Be3 dxe4 5.f3 Nd5 6.Qd2 exf3 {%08DA}
7.Nxf3 Bb4 8.Bd3 Nd7 9.O-O Nxe3 10.Qxe3 Bxc3 11.bxc3 Nf6 12.Rae1
O-O 13.c4 b6 14.c3 Bb7 15.Ng5 h6 16.Rxf6 Qxf6 17.Nh7 Qh4 18.Nxf8
Rxf8 19.Rf1 Qg5 20.Qxg5 hxg5 21.Re1 Rd8 22.Re5 c5 23.d5 exd5
24.cxd5 Bxd5 25.c4 Be6 26.Re3 Kf8 27.Kf2 Rd4 0-1

[Event "US Open"]
[Site "Vancouver, WA"]
[Date "2012.08.06"]
[Round "3"]
[White "May, Andy (WA)"]
[Black "Mulyar, Michael (CO)"]
[Result "0-1"]
[WhiteElo "2128"]
[BlackElo "2456"]
[PlyCount "102"]

1.e4 e5 2.Nf3 Nc6 3.d4 exd4 4.Bc4 Bc5 5.c3 Nf6 6.e5 d5 7.Bb5
Ne4 8.cxd4 Bb4+ 9.Bd2 Nxd2 10.Nbxd2 O-O 11.h3 Bd7 {%08DA} 12.Bxc6
Bxc6 13.O-O Qd7 14.Rc1 Ba4 15.b3 Bb5 16.Re1 Ba3 17.Rc3 c5 18.Rce3
Rac8 19.Qb1 h6 20.e6 fxe6 21.dxc5 Bxc5 22.Rxe6 a5 23.Qg6 Rc6
24.Rxc6 Bxc6 25.Qc2 Qd6 26.Qd3 Qf4 27.Qc3 Bb4 28.Qe3 Qxe3 29.fxe3
d4 30.a3 dxe3 31.axb4 exd2 32.Nxd2 axb4 33.Re3 Rd8 34.Nf3 Rd1+
35.Kf2 Bd5 36.Re5 Bxb3 37.Rb5 Bd5 38.Rxb4 Ra1 39.h4 Bc6 40.Rb2
Bd5 41.Rb4 Ra2+ 42.Kg3 Bc6 43.h5 Ra5 44.Rh4 Be8 45.Rb4 Rb5 46.Re4
Bxh5 47.Re7 Rb3 48.Kf4 Bxf3 49.gxf3 Kh7 50.Re6 b5 51.Rb6 Rb1 0-1

[Event "US Open"]
[Site "Vancouver, WA"]
[Date "2012.08.06"]
[Round "3"]
[White "Molchanov, Valentin (OR)"]
[Black "Niro, Frank (ID)"]
[Result "1-0"]
[WhiteElo "1315"]
[BlackElo "1734"]
[PlyCount "71"]

1.d4 f5 2.Bg5 g6 3.Nf3 Bg7 4.g3 Nf6 5.Nc3 d6 6.Bg2 c6 7.Bxf6
exf6 8.e3 d5 9.Qd3 a5 10.Ne2 Na6 11.a3 Nc7 12.Nd2 b6 13.c4 Ba6
14.Qb3 b5 15.cxd5 a4 16.Qc3 $16 cxd5 17.Qc6+ Qd7 18.Bxd5 O-O-O
19.Rc1 Qxc6 20.Bxc6 Rd6 21.O-O Kb8 22.Rfe1 Rc8 23.b3 axb3 24.Nxb3
b4 25.axb4 Bxe2 26.Rxe2 Na6 27.b5 Nb4 28.d5 Ka7 29.Rc4 Nxc6 30.dxc6
Rd1+ 31.Kg2 Kb6 32.Nd4 Bf8 33.Ra2 Rxd4 34.exd4 Kxb5 35.Rac2 Bd6
36.R4c3 1-0

[Event "US Open"]
[Site "Vancouver, WA"]
[Date "2012.08.06"]
[Round "3"]
[White "Morris, Michael (OR)"]
[Black "Rubsamen, Cornelius (HI)"]
[Result "1/2-1/2"]
[WhiteElo "2044"]
[BlackElo "2277"]
[PlyCount "84"]

1.e4 {%03 (Annotations by Mike Morris)} e6 2.d4 d5 3.Nc3 Bb4
4.e5 c5 5.a3 Bxc3+ 6.bxc3 Ne7 7.Qg4 cxd4 8.cxd4 Qc7 9.Bb5+ Bd7
10.Bxd7+ Nxd7 11.Ne2 {%08DA} O-O 12.c3 Qc4 13.h3 Nb6 14.Bg5 Nf5
15.O-O h6 16.Bd2 Qc7 17.Ng3 Nc4 18.Bc1 f6 19.exf6 Rxf6 20.Nh5
Rff8 21.Bf4 Qf7 22.Bg3 Nd2 23.Rfe1 Ne4 24.Be5 Rac8 25.Rac1 Nxc3
26.Nf4 Ne4 27.h4 Rfe8 28.h5 Qe7 29.Qh3 {  (29.Nxd5  exd5  30.  Qxf5  Qf7 31.  Qxf7+  Kxf7)}
Qd7 30.g4 Nfd6 31.Ng6 Nc4 32.f4 Kh7 33.Qd3 Ncd2 34.g5 Rxc1 35.Rxc1
Rc8 36.Rc7 {  (When I lifted the rook and made the long reach he thought I was exchanging.  This caught him by surprise .)}
Qxc7 37.Bxc7 Rxc7 38.Nf8+ {  (Ne5, taking away the N check on f3, may be better.)}
Kg8 39.Nxe6 Rc3 40.Qb5 Rg3+ 41.Kh1 Rh3+ 42.Kg2 Rg3+ 1/2-1/2

[Event "US Open"]
[Site "Vancouver, WA"]
[Date "2012.08.06"]
[Round "3"]
[White "Murray, Michael (WA)"]
[Black "Banner, Richard (OR)"]
[Result "1/2-1/2"]
[WhiteElo "1986"]
[BlackElo "1800"]
[PlyCount "102"]

1.Nc3 d5 2.e4 dxe4 3.Nxe4 Bf5 4.Qf3 Bxe4 5.Qxe4 c6 6.Bc4 Nf6
7.Qe2 e6 8.Nf3 Nbd7 {%08DA} 9.O-O Bd6 10.d4 O-O 11.Bg5 Qc7 12.Rad1
Nd5 13.c3 Rae8 14.Ne5 Nxe5 15.dxe5 Be7 16.Bc1 f5 17.f4 Bc5+ 18.Kh1
a5 19.Rf3 b5 20.Bd3 b4 21.c4 Ne7 22.Rh3 g6 23.Rf1 Rf7 24.Bd2
Kh8 25.Be1 Ng8 26.Bc2 Rd8 27.Bh4 Be7 28.Bf2 c5 29.Ba4 g5 30.fxg5
Bxg5 31.Bh4 Bxh4 32.Rxh4 Rg7 33.Rh3 Rd4 34.Bc2 Qd8 35.Rd3 Rgd7
36.Rxd4 Rxd4 37.Rd1 Rxd1+ 38.Bxd1 Qd4 39.g3 Ne7 40.Ba4 Ng6 41.b3
Qxe5 42.Qf3 Qa1+ 43.Kg2 Qxa2+ 44.Kh3 Qd2 45.Qa8+ Kg7 46.Qxa5
Qe3 47.Qc7+ Kh6 48.Be8 Qf3 49.Bxg6 hxg6 50.Qe7 Qh5+ 51.Kg2 Qe2+ 1/2-1/2